Lo que le gusta a Adán : un libro para la joven Eva moderna /

Gespeichert in:
Bibliographische Detailangaben
1. Verfasser: Schubiger, Erika G. (autor)
Weitere Verfasser: Fuentes, Marina de (traducción) (traducción)
Format: Buch
Sprache:Spanisch
Veröffentlicht: Madrid, España : Studium, 1964, c1964
Tags: Tag hinzufügen
Keine Tags, Fügen Sie das erste Tag hinzu!

MARC

LEADER 00000nam^a2200000^a^4500
001 000576041
005 20250521000000.0
009 20260310132421.375
037 |a Acervo Xavier Clavigero 
041 |a ESP 
091 |a FIP. 00157 
100 |a Schubiger, Erika G.  |e (autor) 
245 1 0 |a Lo que le gusta a Adán :  |b un libro para la joven Eva moderna / 
264 4 |a Madrid, España :  |b Studium,  |c 1964, c1964 
300 |a 126 p. 
336 |a texto  |b txt  |2 rdacontenido 
337 |a sin mediación  |b n  |2 rdamedio 
338 |a volumen  |b nc  |2 rdasoporte 
649 |a XX 
700 |a Fuentes, Marina de  |e (traducción) 
910 |a Fondo Manuel Ignacio Pérez Alonso S.J. 
920 |a Impresos - Libros 
930 |a Fondos Especiales 
905 |a 140 
901 |a 0500404035  |b IT2  |c ESP  |i D  |u 20250521 
902 |a https://opac.biblio.iteso.mx/vufind/Record/000576041